Online
Catalog

Parque Nacional "El Tama" / (Record no. 12658)

MARC details
000 -CABECERA
campo de control de longitud fija 00806cam a2200241 a 4500
001 - NÚMERO DE CONTROL
campo de control 000013011
003 - IDENTIFICADOR DEL NÚMERO DE CONTROL
campo de control DO-SdBNP
005 - FECHA Y HORA DE LA ÚLTIMA TRANSACCIÓN
campo de control 20251028135949.0
008 - DATOS DE LONGITUD FIJA--INFORMACIÓN GENERAL
campo de control de longitud fija 991127s1998 ve ab b 000 0 spa
020 ## - NÚMERO INTERNACIONAL ESTÁNDAR DEL LIBRO
Número Internacional Estándar del Libro 9806397878
040 ## - FUENTE DE LA CATALOGACIÓN
Centro catalogador/agencia de origen DO-SdBNP
Lengua de catalogación spa
Centro/agencia transcriptor DLC
Centro/agencia modificador BNPHU
049 ## - FONDOS LOCALES (OCLC)
Fondos de biblioteca BNGR
082 ## - NÚMERO DE LA CLASIFICACIÓN DECIMAL DEWEY
Número de clasificación 363.68
Número de documento/Ítem M266p
100 1# - ENTRADA PRINCIPAL--NOMBRE DE PERSONA
Nombre de persona Manara, Bruno.
9 (RLIN) 30008
245 10 - MENCIÓN DE TÍTULO
Título Parque Nacional "El Tama" /
Mención de responsabilidad, etc. Bruno Manara.
260 ## - PUBLICACIÓN, DISTRIBUCIÓN, ETC.
Lugar de publicación, distribución, etc. [Caracas, Venezuela?] :
Nombre del editor, distribuidor, etc. Fundación Polar,
-- Fundación Instituto Botánico de Venezuela,
Fecha de publicación, distribución, etc. 1998.
300 ## - DESCRIPCIÓN FÍSICA
Extensión 169 p. :
Otras características físicas il., mapas ;
Dimensiones 24 cm.
504 ## - NOTA DE BIBLIOGRAFÍA, ETC.
Nota de bibliografía, etc. Incluye referencias bibliográficas (p. 165-166).
650 #4 - PUNTO DE ACCESO ADICIONAL DE MATERIA--TÉRMINO DE MATERIA
Término de materia o nombre geográfico como elemento de entrada Parques nacionales
Subdivisión geográfica Venezuela
9 (RLIN) 30010
651 #4 - PUNTO DE ACCESO ADICIONAL DE MATERIA--NOMBRE GEOGRÁFICO
Nombre geográfico Parque Nacional El Tamá (Venezuela)
9 (RLIN) 30009
910 ## - DATOS DE OPCIÓN DEL USUARIO (OCLC)
Datos de opción del usuario Catalogación por copia / LC
942 ## - ELEMENTOS DE PUNTO DE ACCESO ADICIONAL (KOHA)
Fuente del sistema de clasificación o colocación Dewey Decimal Classification
Tipo de ítem Koha Libro
Holdings
Estado de retiro Estado de pérdida Restricciones de uso No para préstamo Código de colección Localización permanente Ubicación/localización actual Ubicación en estantería Fecha de adquisición Número de inventario Total de préstamos Signatura topográfica completa Código de barras Fecha visto por última vez Precio válido a partir de Tipo de ítem Koha
        Monografías: Libros y Folletos General General En catalogación 19.11.2009 LF1   363.68 M266p 13011-10 25.06.2020 25.06.2020 Préstamo en sala

Powered by Koha